Villes hôtes de la Coupe du monde 2026 sur une carte. - Statistiques

Statistiques générales
  • Ce quiz a été pris 452 fois
  • Le résultat moyen est 12 sur 16
Réponses sur la Carte
Les réponses sont colorées sur une échelle allant du rouge au vert en fonction du pourcentage des utilisateurs qui les ont devinées à leur premier essai. Vous pouvez retrouver ces pourcentages ci-dessous.
 
Statistiques - réponses
Villes % Correct
New York
99%
Mexico
97%
Los Angeles
96%
Miami
95%
Toronto
84%
Boston
80%
Vancouver
79%
San Francisco
78%
Seattle
73%
Dallas
72%
Houston
66%
Philadelphie
64%
Atlanta
63%
Guadalajara
53%
Monterrey
47%
Kansas City
39%
Aucun quiz correspondant
Distribution des résultats
% des personnes avec chaque résultat
Percentile par nombre de réponses
Votre historique - résultats
Vous n’avez pas pris ce quiz